• AIU
  • Tony Wilmot Memorial Library

The Verbal Piece in Ebira. (Record no. 63907)

MARC details
000 -LEADER
fixed length control field 00427nam a2200157Ia 4500
005 - DATE AND TIME OF LATEST TRANSACTION
control field 20170619150145.0
008 - FIXED-LENGTH DATA ELEMENTS--GENERAL INFORMATION
fixed length control field 140602s9999 xx 000 0 und d
020 ## - INTERNATIONAL STANDARD BOOK NUMBER
International Standard Book Number 0-88312-037-2
100 1# - MAIN ENTRY--PERSONAL NAME
Personal name ADIVE, John R..
245 14 - TITLE STATEMENT
Title The Verbal Piece in Ebira.
260 ## - PUBLICATION, DISTRIBUTION, ETC. (IMPRINT)
Name of publisher, distributor, etc SIL,
Place of publication, distribution, etc Dallas :
Date of publication, distribution, etc 1989.
300 ## - PHYSICAL DESCRIPTION
Extent 164 pages;
500 ## - GENERAL NOTE
General note Publications in Linguistics ; 85
546 ## - LANGUAGE NOTE
Language note Anglais
650 #0 - SUBJECT ADDED ENTRY--TOPICAL TERM
Topical term or geographic name as entry element LANGUES - Nigeria - Grammaire

No items available.